Govt. of
Madhya Pradesh

The Secret of Childhood (Record no. 34473)

MARC details
000 -LEADER
fixed length control field 004310000a22001690004500
003 - CONTROL NUMBER IDENTIFIER
control field MACL
005 - DATE AND TIME OF LATEST TRANSACTION
control field 20160110140753.0
008 - FIXED-LENGTH DATA ELEMENTS--GENERAL INFORMATION
fixed length control field 160110b xxu||||| |||| 00| 0 eng d
040 ## - CATALOGING SOURCE
Original cataloging agency MACL
Transcribing agency MACL
041 ## - LANGUAGE CODE
Language code of text/sound track or separate title English
082 ## - DEWEY DECIMAL CLASSIFICATION NUMBER
Classification number 649/MOM
100 ## - MAIN ENTRY--PERSONAL NAME
Personal name Montessori, Maria
9 (RLIN) 30995
245 ## - TITLE STATEMENT
Title The Secret of Childhood
260 ## - PUBLICATION, DISTRIBUTION, ETC. (IMPRINT)
Name of publisher, distributor, etc. Orient Longmans Ltd
Date of publication, distribution, etc. 1951
Place of publication, distribution, etc. Bombay
650 ## - SUBJECT ADDED ENTRY--TOPICAL TERM
Topical term or geographic name as entry element Home Economics
9 (RLIN) 30996
942 ## - ADDED ENTRY ELEMENTS (KOHA)
Koha item type Books
Call number prefix 649/MON
Source of classification or shelving scheme
Holdings
Withdrawn status Lost status Source of classification or shelving scheme Damaged status Not for loan Home library Current library Date acquired Total Checkouts Full call number Barcode Date last seen Uniform Resource Identifier Price effective from Koha item type
          MACL MACL 15/04/2015   649/MON CLE006099 29/04/2015 34677 15/04/2015 Books